mysqli: Table './ulib62015/stat_globaluid' is marked as crashed and should be repaired
select id from stat_globaluid where statuid='20260517140159_1251'
mysqli: Table './ulib62015/stat_globaluid' is marked as crashed and should be repaired
DELETE FROM stat_globaluid
WHERE id NOT IN (
SELECT id
FROM (
SELECT id
FROM stat_globaluid
ORDER BY id DESC
LIMIT 100
) foo
);
mysqli: Table './ulib62015/stat_globaluid' is marked as crashed and should be repaired
insert into stat_globaluid set
statuid='20260517140159_1251',
dt='1779001319',
phpself='/ULIB62015/dublinfull.php',
agent='Mozilla/5.0 AppleWebKit/537.36 (KHTML, like Gecko; compatible; ClaudeBot/1.0; +claudebot@anthropic.com)',
yea='2026',
mon='5',
dat='17',
ip='216.73.216.45'
mysqli: Table './ulib62015/stathist_viewbib_bib_type' is marked as crashed and should be repaired
insert into stathist_viewbib_bib_type set
dat='17' ,
mon='05' ,
yea='2026' ,
statuid='20260517140159_1251' ,
head='13399121916' ,
foot='marc' ,
dt='1779001319'
| LEADER : 00000nam 2200000uu 4500 |
| 001 13399121916 |
| 003 ULIB |
| 008 170501s2557||||th 000 0 tha d |
| 020 ^a9786163185150
|
| 050 04 ^aPE1122^bต218ภ 2557
|
| 100 0 ^aตวงแสง ณ นคร
|
| 245 10 ^aภาษาอังกฤษทางเทคโนโลยีการศึกษา =^bEnglish in educational technology /^cตวงแสง ณ นคร
|
| 246 31 ^aEnglish in educational technology
|
| 260 ^aกรุงเทพฯ :^bสำนักพิมพ์มหาวิทยาลัยรามคำแหง,^c2557.
|
| 300 ^a180 หน้า ;^c24 ซม.
|
| 546 ^aเนื้อหาภาษาอังกฤษ
|
| 650 4 ^aภาษาอังกฤษ^xการใช้ภาษา
|
| 650 4 ^aภาษาอังกฤษ^xการอ่าน
|
| 650 2 ^aEnglish^xGrammar
|
| 650 2 ^aEnglish^xConversation
|
| 710 0 ^aมหาวิทยาลัยรามคำแหง
|
| 945 ^p121^l0^i024774
|
| 945 ^p121^l0^i024775
|
| 945 ^p121^l0^i024776
|
| 945 ^p121^l0^i024777
|
| 945 ^p121^l0^i024778 |
| 999 ^a57066
|
| คุณยังไม่ได้ล็อกอิน คุณสามารถมีกิจกรรมร่วมกับเว็บไซต์ได้ แต่ต้องล็อกอินก่อน :: |
|
|
|
| ลำดับที่ |
ประเภท |
เลขเรียก/บาร์โค้ด |
สถานที่ |
สถานะ |
| 1. |
 หนังสือ | PE1122 ต218ภ 2557 ฉ.1 Barcode: 024774 | หนังสือทั่วไป | บนชั้น ขอยืม |
| Note:งบประมาณ2559 |
| 2. |
 หนังสือ | PE1122 ต218ภ 2557 ฉ.2 Barcode: 024775 | หนังสือทั่วไป | ถูกยืม กำหนดส่งวันที่ 18 พฤษภาคม 2569
จอง |
| Note:งบประมาณ2559 |
| 3. |
 หนังสือ | PE1122 ต218ภ 2557 ฉ.3 Barcode: 024776 | หนังสือทั่วไป | บนชั้น ขอยืม |
| Note:งบประมาณ2559 |
| 4. |
 หนังสือ | PE1122 ต218ภ 2557 ฉ.4 Barcode: 024777 | หนังสือทั่วไป | บนชั้น ขอยืม |
| Note:งบประมาณ2559 |
| 5. |
 หนังสือ | PE1122 ต218ภ 2557 ฉ.5 Barcode: 024778 | หนังสือทั่วไป | บนชั้น ขอยืม |
| Note:งบประมาณ2559 |
|
ยังไม่เคยถูกคอมเมนท์
|
| คอมเมนท์ทรัพยากรรายการนี้ |
|